Vista normal
Vista MARC
Entrada Personal Name
Número de registros utilizados en: 5
001 - CONTROL NUMBER
- control field: 50247
003 - CONTROL NUMBER IDENTIFIER
- control field: OSt
005 - DATE AND TIME OF LATEST TRANSACTION
- control field: 20241126092816.0
008 - FIXED-LENGTH DATA ELEMENTS
- fixed length control field: 241126|| aca||aabn | a|a d
040 ## - CATALOGING SOURCE
- Original cataloging agency: OSt
- Transcribing agency: OSt
100 ## - HEADING--PERSONAL NAME
- Personal name: Marie Léonard
670 ## - SOURCE DATA FOUND
- Source citation: Work cat.: (OSt)44930: Marie Léonard, Tibilí, el niño que no quería ir a la escuela